落合政権(2004~2011)中日選手ホームランランキング - Statistics

General Stats
  • This quiz has been taken 33 times
  • The average score is 22 of 42
Answer Stats
本塁打数 選手名 % Correct
155 ウッズ
100%
115 森野将彦
96%
36 井端弘和
96%
19 荒木雅博
96%
94 和田一浩
92%
87 ブランコ
92%
3 大島洋平
92%
95 福留孝介
88%
71 谷繁元信
88%
54 アレックス
85%
19 立浪和義
81%
14 平田良介
81%
8 英智
77%
4 川上憲伸
73%
1 セサル
73%
7 堂上直倫
69%
5 堂上剛裕
69%
44 中村紀洋
62%
36 井上一樹
62%
8 野本圭
62%
14 藤井淳志
54%
28 李炳圭
50%
1 新井良太
50%
7 グスマン
46%
4 渡邉博幸
42%
4 リナレス
42%
17 小池正晃
38%
3 福田永将
35%
1 岩崎達郎
31%
4 大西崇之
27%
1 佐伯貴弘
27%
9 高橋光信
23%
7 デラロサ
23%
1 川相昌弘
23%
3 森章剛
19%
2 小山桂司
15%
1 柳沢裕一
15%
1 柳田殖生
12%
1 中村一生
12%
1 森岡良介
8%
1 中川裕貴
8%
1 西川明
4%
No matching quizzes found
Score Distribution
Percent of People with Each Score
Percentile by Number Answered
Your Score History
You have not taken this quiz